| 000 | 00412nam a22001697a 4500 | ||
|---|---|---|---|
| 005 | 20160429110401.0 | ||
| 008 | 160429b xxu||||| |||| 00| 0 eng d | ||
| 020 | _a81-7029301-4 | ||
| 041 | _aeng | ||
| 082 | _b00772 | ||
| 100 |
_aKanet Kar, Yashavant _9218 |
||
| 245 | _aWorking with 'C' | ||
| 260 |
_aNew Delhi _bBPB Publishing, _c2003 |
||
| 300 | _a520 | ||
| 650 |
_aInformation Technology _9137 |
||
| 942 | _cBK | ||
| 999 |
_c244 _d244 |
||